000 00882nas a2200265 4500
001 BR2013002661
003 BR-BrBNA
005 20231205122146.0
007 ta
008 230509b bl.|||p| |||| 00| 00por d
040 _aBR-BrBNA
_bpor
_cBiblioteca Nacional de Agricultura
041 _a(Pt)
072 _aM11
100 1 _aPezzuto, P.R.
100 1 _aBorzone, C.A
245 1 _aPadronização das eficiências de captura de diferentes equipamentos utilizados na prospecção da vieira Euvola ziczac (Linnaeus 1758)(Bivalvia: Pectinidae)no sul do Brasil
650 _aPESCA MARINHA
650 _aNORMALIZAÇÃO
650 _aRECURSO PESQUEIRO
650 _aREDE DE ARRASTO
650 _aESTOQUE
773 0 _tAtlântica (Brazil)
_xISSN 0102-1656
_g(2001), v.23(no. único) p. 27-38
_wBR2013002661
909 _a202311
_bLúcia
_c55
_dLúcia Elande
942 _2AGRIS
_n0
_cANA
999 _c227203
_d227203